[Event "Ruhrgebiet VK3 0304"]
[Site "Ruhrgebiet"]
[Date "2004.02.29"]
[Round "7.2"]
[White "Mecklenburg, Roland"]
[Black "Prass, Marian"]
[Result "0-1"]
[WhiteElo "1960"]
[BlackElo "1910"]
[PlyCount "64"]
[EventDate "2003.09.28"]
[EventType "team-tourn"]
[EventRounds "9"]
[EventCountry "GER"]
[SourceTitle "EXT 2007"]
[Source "ChessBase"]
[SourceDate "2006.11.23"]
[SourceVersion "1"]
[SourceVersionDate "2006.11.23"]
[SourceQuality "1"]
[WhiteTeam "Laeufer Ost"]
[BlackTeam "Altenessen II"]
[WhiteTeamCountry "GER"]
[BlackTeamCountry "GER"]

1. e4 e6 2. d3 d5 3. Nd2 c5 4. Ngf3 Nc6 5. c3 Nf6 6. e5 Nd7 7. d4 f6 8. exf6 Nxf6 9. Bb5 Bd6 10. 0-0 0-0 11. Bxc6 bxc6 12. Re1 cxd4 13. cxd4 c5 14. dxc5 Bxc5 15. Nb3 Bd6 16. Bg5 Qe8 17. Bxf6 gxf6 18. Nh4 Qf7 19. Nd4 Kh8 20. Re3 Rb8 21. Qc2 Bd7 22. Rd1 Rfc8 23. Qe2 Bc5 24. Red3 e5 25. Ndf5 Bb5 26. Nh6 Qf8 27. Qh5 Be8 28. Qg4 Qxh6 29. Rg3 Bh5 30. Qd7 Bxd1 31. Nf5 Bg4 32. Nxh6 Bxf2+ 0-1

[Event "Ruhrgebiet VK3 0304"]
[Site "Ruhrgebiet"]
[Date "2004.02.08"]
[Round "6.2"]
[White "Huettemann, Karl Heinz"]
[Black "Mecklenburg, Roland"]
[Result "1-0"]
[WhiteElo "2127"]
[BlackElo "1960"]
[PlyCount "95"]
[EventDate "2003.09.28"]
[EventType "team-tourn"]
[EventRounds "9"]
[EventCountry "GER"]
[SourceTitle "EXT 2007"]
[Source "ChessBase"]
[SourceDate "2006.11.23"]
[SourceVersion "1"]
[SourceVersionDate "2006.11.23"]
[SourceQuality "1"]
[WhiteTeam "Dortmund SV"]
[BlackTeam "Laeufer Ost"]
[WhiteTeamCountry "GER"]
[BlackTeamCountry "GER"]

1. c4 e5 2. Nc3 Nc6 3. e3 Nf6 4. Nf3 Bb4 5. Nd5 e4 6. Ng1 a5 7. Qc2 0-0 8. a3 Bc5 9. Nxf6+ Qxf6 10. Qxe4 d6 11. Bd3 g6 12. Qf3 Qg7 13. Qd1 Re8 14. Nf3 Ne5 15. Be2 Nxf3+ 16. gxf3 Be6 17. Qc2 c6 18. Qc3 Qxc3 19. bxc3 d5 20. cxd5 Bxd5 21. d4 Bf8 22. c4 Be6 23. Rb1 Rab8 24. 0-0 Bg7 25. Rd1 Bd7 26. c5 Be6 27. Rd2 Re7 28. Rb6 Rbe8 29. Kg2 h5 30. a4 g5 31. Rdb2 Bc8 32. Bc4 Kh8 33. Rd2 f5 34. Rd1 h4 35. h3 Rd8 36. d5 g4 37. hxg4 fxg4 38. fxg4 Bxg4 39. f3 Be6 40. d6 h3+ 41. Kh2 Rf7 42. Bxe6 Rxf3 43. Rb2 Be5+ 44. Kh1 Rdf8 45. Bc4 Bxb2 46. Bxb2+ Kh7 47. d7 Rd8 48. Be5 1-0

[Event "Ruhrgebiet VK3 0304"]
[Site "Ruhrgebiet"]
[Date "2003.12.07"]
[Round "4.2"]
[White "Boehm, Ingo"]
[Black "Mecklenburg, Roland"]
[Result "1/2-1/2"]
[WhiteElo "2039"]
[BlackElo "1960"]
[PlyCount "78"]
[EventDate "2003.09.28"]
[EventType "team-tourn"]
[EventRounds "9"]
[EventCountry "GER"]
[SourceTitle "EXT 2007"]
[Source "ChessBase"]
[SourceDate "2006.11.23"]
[SourceVersion "1"]
[SourceVersionDate "2006.11.23"]
[SourceQuality "1"]
[WhiteTeam "Linden"]
[BlackTeam "Laeufer Ost"]
[WhiteTeamCountry "GER"]
[BlackTeamCountry "GER"]

1. e4 d5 2. exd5 Qxd5 3. Nc3 Qa5 4. d4 c6 5. Bc4 Nf6 6. Nge2 Bg4 7. 0-0 e6 8. f3 Bf5 9. Ng3 Bg6 10. f4 Bb4 11. f5 exf5 12. Qe2+ Kf8 13. Qf3 Nbd7 14. Nce2 Bd6 15. Nxf5 Bxf5 16. Qxf5 Qxf5 17. Rxf5 Nb6 18. Bb3 Re8 19. Ng3 h5 20. Bg5 h4 21. Bxf6 hxg3 22. Be5 gxh2+ 23. Kh1 Bxe5 24. Rxf7+ Kg8 25. dxe5 c5 26. Rf4+ c4 27. Bxc4+ Nxc4 28. Rxc4 Rxe5 29. Rc8+ Kh7 30. Rxh8+ Kxh8 31. Kxh2 Re2 32. Rc1 Kg8 33. Kg3 g6 34. Kf3 Rd2 35. g3 Kf7 36. Ke3 Rg2 37. Kf4 Kf6 38. a3 g5+ 39. Kg4 Re2 1/2-1/2

[Event "Ruhrgebiet VK3 0304"]
[Site "Ruhrgebiet"]
[Date "2003.11.09"]
[Round "3.1"]
[White "Mecklenburg, Roland"]
[Black "Wittmann, Rainer"]
[Result "1/2-1/2"]
[WhiteElo "1960"]
[BlackElo "2100"]
[PlyCount "101"]
[EventDate "2003.09.28"]
[EventType "team-tourn"]
[EventRounds "9"]
[EventCountry "GER"]
[SourceTitle "EXT 2007"]
[Source "ChessBase"]
[SourceDate "2006.11.23"]
[SourceVersion "1"]
[SourceVersionDate "2006.11.23"]
[SourceQuality "1"]
[WhiteTeam "Laeufer Ost"]
[BlackTeam "Brackel II"]
[WhiteTeamCountry "GER"]
[BlackTeamCountry "GER"]

1. e4 c5 2. Nc3 Nc6 3. Nf3 d6 4. g3 g6 5. Bg2 Bg7 6. 0-0 Nf6 7. d3 0-0 8. h3 Rb8 9. Be3 b5 10. Qd2 Re8 11. Nh4 b4 12. Ne2 Nd7 13. c4 bxc3 14. bxc3 Ba6 15. f4 Qc7 16. Rac1 Rb6 17. Nf3 Reb8 18. Rfd1 Rb2 19. Rc2 Qb6 20. Ne1 Qb5 21. Rxb2 Qxb2 22. Qxb2 Rxb2 23. Rd2 Rb1 24. Kf2 Na5 25. Rc2 Bb5 26. Bc1 Nb6 27. Rb2 Rxb2 28. Bxb2 Kf8 29. Bc1 Nc6 30. Bd2 Ba4 31. Bf3 e6 32. Ng1 Ke7 33. h4 Bb5 34. Bd1 Ba4 35. Bc2 Bxc2 36. Nxc2 Na4 37. Ne2 Kd7 38. Ne1 a6 39. Nf3 Nb2 40. d4 Nc4 41. dxc5 dxc5 42. Be3 Nxe3 43. Kxe3 f6 44. Nd2 Na5 45. Kd3 Kc6 46. a4 Bf8 47. g4 Bd6 48. g5 Be7 49. gxf6 Bxf6 50. Nf3 Nb7 51. e5 1/2-1/2

[Event "Ruhrgebiet VK3 0304"]
[Site "Ruhrgebiet"]
[Date "2003.10.26"]
[Round "2.2"]
[White "Mecklenburg, Roland"]
[Black "Wilbert, Siegfried"]
[Result "1/2-1/2"]
[WhiteElo "1960"]
[BlackElo "2118"]
[PlyCount "65"]
[EventDate "2003.09.28"]
[EventType "team-tourn"]
[EventRounds "9"]
[EventCountry "GER"]
[SourceTitle "EXT 2007"]
[Source "ChessBase"]
[SourceDate "2006.11.23"]
[SourceVersion "1"]
[SourceVersionDate "2006.11.23"]
[SourceQuality "1"]
[WhiteTeam "Laeufer Ost"]
[BlackTeam "Buer"]
[WhiteTeamCountry "GER"]
[BlackTeamCountry "GER"]

1. d4 Nf6 2. Nf3 g6 3. g3 Bg7 4. Bg2 c5 5. 0-0 cxd4 6. Nxd4 Nc6 7. e4 0-0 8. Nc3 Nxd4 9. Qxd4 d6 10. Qb4 Ng4 11. Nd5 Ne5 12. c3 Nd3 13. Qc4 Nxc1 14. Raxc1 Be6 15. Qc7 Bxd5 16. Qxd8 Rfxd8 17. exd5 Rdc8 18. Rfe1 Rc7 19. Re4 b5 20. Rce1 Bf6 21. Rb4 Rb8 22. a4 Rcb7 23. axb5 Rxb5 24. Rxb5 Rxb5 25. Re2 a5 26. Kf1 Kf8 27. Ke1 Ke8 28. Kd1 Kd7 29. Kc2 Kc7 30. Re1 Rc5 31. Kd3 Kb6 32. Kc2 Kc7 33. Re4 1/2-1/2

[Event "Ruhrgebiet VK2 0001"]
[Site "Ruhrgebiet"]
[Date "2001.04.22"]
[Round "8"]
[White "Mecklenburg, Roland"]
[Black "Fleischhauer, Thomas"]
[Result "1-0"]
[WhiteElo "2046"]
[BlackElo "1971"]
[PlyCount "41"]
[EventDate "2000.09.17"]
[EventType "team-tourn"]
[EventRounds "9"]
[EventCountry "GER"]
[SourceTitle "EXT 2023"]
[Source "ChessBase"]
[SourceDate "2022.10.05"]
[SourceVersion "1"]
[SourceVersionDate "2022.10.05"]
[SourceQuality "1"]
[WhiteTeam "Recklinghausen Laeufer Ost"]
[BlackTeam "Steele/Kray Rochade"]
[WhiteTeamCountry "GER"]
[BlackTeamCountry "GER"]

1. e4 d5 2. exd5 Qxd5 3. Nc3 Qa5 4. d4 c6 5. Nf3 Nf6 6. Be2 Bg4 7. 0-0 e6 8. Ne5 Bxe2 9. Qxe2 Nbd7 10. Bd2 Qc7 11. Rfe1 Nxe5 12. dxe5 Nd7 13. f4 Bc5+ 14. Kh1 0-0 15. Ne4 Be7 16. Qg4 g6 17. Re3 Kg7 18. Bc3 h5 19. Qg3 f5 20. exf6+ Nxf6 21. Ng5 1-0

[Event "Ruhrgebiet VK2 0001"]
[Site "Ruhrgebiet"]
[Date "2000.10.15"]
[Round "2"]
[White "Simsheuser, Josef"]
[Black "Mecklenburg, Roland"]
[Result "0-1"]
[WhiteElo "1942"]
[BlackElo "2046"]
[PlyCount "80"]
[EventDate "2000.09.17"]
[EventType "team-tourn"]
[EventRounds "9"]
[EventCountry "GER"]
[SourceTitle "EXT 2023"]
[Source "ChessBase"]
[SourceDate "2022.10.05"]
[SourceVersion "1"]
[SourceVersionDate "2022.10.05"]
[SourceQuality "1"]
[WhiteTeam "Bergeborbeck Wacker"]
[BlackTeam "Recklinghausen Laeufer Ost"]
[WhiteTeamCountry "GER"]
[BlackTeamCountry "GER"]

1. e4 g6 2. d4 Bg7 3. Nc3 c6 4. Nf3 d6 5. Bc4 Nf6 6. 0-0 b5 7. Bd3 0-0 8. Ne2 Nbd7 9. c3 Bb7 10. Ng3 e5 11. Be3 a6 12. h3 c5 13. d5 Kh8 14. Nh2 Qe7 15. Qd2 Ng8 16. Rae1 Rae8 17. Nf3 Bc8 18. Nh2 f6 19. h4 Nb6 20. Nf3 f5 21. Bg5 Qf7 22. h5 f4 23. Ne2 Bg4 24. Nh2 gxh5 25. f3 Bc8 26. Bh4 Bf6 27. Bxf6+ Qxf6 28. Nc1 Ne7 29. Rf2 Rg8 30. Kh1 Rg7 31. b3 Reg8 32. Be2 Ng6 33. Bd1 Nh4 34. Rg1 Bh3 35. Ng4 hxg4 36. gxh3 g3 37. Rfg2 Qe7 38. Re1 Qd7 39. Kg1 Qxh3 40. Kf1 Ng6 0-1